Paesi con più siti UNESCO in Oceania - Statistics

Statistiche generali
  • Questo quiz è stato fatto 24 volte
  • Il punteggio medio è 9 su 10
Statistiche sulle risposte
N° totale di siti N° di siti culturali N° di siti naturali N° di siti misti Paese % Corretto
21 5 12 4 Australia
100%
1 1 / / Figi
100%
3 / 2 1 Nuova Zelanda
100%
1 / / 1 Palau
100%
1 / 1 / Isole Salomone
94%
1 1 / / Isole Marshall
89%
1 1 / / Papua Nuova Guinea
89%
1 1 / / Vanuatu
89%
1 1 / / Micronesia
83%
1 / 1 / Kiribati
72%
Nessun quiz corrispondente trovato
Distribuzione punteggi
Percentuale di utenti per punteggio
Percentile per numero di risposta
I tuoi punteggi nel tempo
Non hai fatto questo quiz